000 00313 a2200133 4500
005 20250709081603.0
020 _a9781784979614
082 _a823.92 WEL
100 _aWELDON, F.
245 _aDeath of a She Devil
260 _aUnited Kingdom
_bHead of Zeus Ltd.
_c2017.
300 _a346p.
_c20cm
942 _2ddc
_cBKS
999 _c6634
_d6634